Top 10 Countries in Shark Attacks - Statistics

General Stats
  • This quiz has been taken 221 times
  • The average score is 7 of 10
Answer Stats
Rank Country % Correct
1 United States
99%
2 Australia
97%
3 South Africa
88%
4 Brazil
86%
7 Mexico
86%
5 New Zealand
78%
10 India
72%
9 Fiji
24%
8 Iran
22%
6 Papua New Guinea
21%
No matching quizzes found
Score Distribution
Percent of People with Each Score
Percentile by Number Answered
Your Score History
You have not taken this quiz